00333nam a2200133Ia 4500003000400000008004100004020002300045040000800068100002000076245004900096260002800145300001500173365001100188LDD181029s9999 xx 000 0 und d a1851682589c225.00 cLDD aForward, Martin 0aReligionba beginner's guidecMartin Forward aEnglandbOneworldc2006 axvii,190p. b225.00